Statistics for North American Sports Teams by City

Click here to take the quiz!

General Stats

  • This quiz has been taken 47 times
  • The average score is 108 of 116

Answer Stats

CityTeam% Correct
Football New YorkGiants/Jets
100%
Baseball MiamiMarlins
100%
Baseball CincinnatiReds
100%
Baseball BostonRed Sox
100%
Baseball ChicagoWhite Sox/Cubs
100%
Baseball New YorkYankees/Mets
100%
Basketball ChicagoBulls
97%
Baseball St Louis | Football ArizonaCardinals
97%
Hockey CalgaryFlames
97%
Baseball San FranciscoGiants
97%
Basketball MemphisGrizzlies
97%
Basketball MiamiHeat
97%
Baseball ClevelandIndians
97%
Basketball UtahJazz
97%
Basketball OrlandoMagic
97%
Hockey EdmontonOilers
97%
Baseball BaltimoreOrioles
97%
Football Green BayPackers
97%
Basketball New OrleansPelicans
97%
Basketball TorontoRaptors
97%
Football BaltimoreRavens
97%
Baseball Kansas CityRoyals
97%
Basketball MinnesotaTimberwolves
97%
Football San Francisco49ers
95%
Baseball Los AngelesAngels/Dodgers
95%
Baseball HoustonAstros
95%
Baseball OaklandAthletics
95%
Football ChicagoBears
95%
Hockey ChicagoBlackhawks
95%
Baseball AtlantaBraves
95%
Baseball MilwaukeeBrewers
95%
Football ClevelandBrowns
95%
Basketball MilwaukeeBucks
95%
Basketball BostonCeltics
95%
Football IndianapolisColts
95%
Football MiamiDolphins
95%
Football PhiladelphiaEagles
95%
Basketball AtlantaHawks
95%
Basketball CharlotteHornets
95%
Hockey New YorkIslanders/Rangers
95%
Football JacksonvilleJaguars
95%
Hockey WinnipegJets
95%
Basketball Sacramento | Hockey Los AngelesKings
95%
Basketball Los AngelesLakers/Clippers
95%
Baseball WashingtonNationals
95%
Basketball BrooklynNets
95%
Basketball DenverNuggets
95%
Basketball IndianaPacers
95%
Football Carolina | Hockey FloridaPanthers
95%
Football New EnglandPatriots
95%
Baseball PhiladelphiaPhillies
95%
Basketball DetroitPistons
95%
Football Las VegasRaiders
95%
Football Los AngelesRams/Chargers
95%
Baseball Tampa BayRays
95%
Basketball HoustonRockets
95%
Football New OrleansSaints
95%
Hockey OttowaSenators
95%
Basketball San AntonioSpurs
95%
Football PittsburghSteelers
95%
Basketball PheonixSuns
95%
Basketball Oklahoma CityThunder
95%
Baseball DetroitTigers
95%
Basketball PortlandTrail Blazers
95%
Football MinnesotaVikings
95%
Basketball Golden StateWarriors
95%
Basketball WashingtonWizards
95%
Basketball Philadelphia76ers
92%
Football CincinnatiBengals
92%
Football BuffaloBills
92%
Baseball TorontoBlue Jays
92%
Football DenverBroncos
92%
Hockey BostonBruins
92%
Football Tampa BayBuccaneers
92%
Hockey MontrealCanadiens
92%
Basketball ClevelandCavaliers
92%
Football DallasCowboys
92%
Hockey AnaheimDucks
92%
Football AtlantaFalcons
92%
Basketball New YorkKnicks
92%
Football DetroitLions
92%
Baseball SeattleMariners
92%
Basketball DallasMavericks
92%
Baseball San DiegoPadres
92%
Hockey PittsburghPenguins
92%
Baseball PittsburgPirates
92%
Baseball TexasRangers
92%
Baseball ColorodoRockies
92%
Football SeattleSeahawks
92%
Hockey San JoseSharks
92%
Football HoustonTexans
92%
Hockey ColoradoAvalanche
90%
Hockey St LouisBlues
90%
Hockey Las VegasGolden Knights
90%
Hockey DetroitRed Wings
90%
Hockey BuffaloSabres
90%
Hockey DallasStars
90%
Football TennesseeTitans
90%
Hockey WashingtonCapitals
87%
Hockey New JerseyDevils
87%
Baseball ArizonaDiamondbacks
87%
Hockey PhiladelphiaFlyers
87%
Hockey Tampa BayLightning
87%
Baseball MinnesotaTwins
87%
Hockey ColumbusBlue Jackets
85%
Hockey ArizonaCoyotes
85%
Hockey CarolinaHurricanes
85%
Hockey NashvillePredators
85%
Hockey VancouverCanucks
82%
Hockey MinnesotaWild
82%
Football Kansas CityCheifs
77%
Football WashingtonFootball Team
77%
Hockey TorontoMaple Leaves
56%

Score Distribution

Percentile by Number Answered

Percent of People with Each Score

Your Score History

You have not taken this quiz